Buteurs tunisiens en Coupe du Monde - Statistiques

Statistiques générales
  • Ce quiz a été pris 366 fois
  • Le résultat moyen est 3 sur 12
Statistiques - réponses
Nombre de buts Club Nom du joueur % Correct
3 Stade Rennais, Montpellier HSC Wahbi Khazri
99%
1 ES Tunis Fakhreddine Ben Youssef
41%
1 Al-Nassr Ferjani Sassi
41%
1 ES Troyes Ziad Jaziri
38%
1 KA Gand Dylan Bronn
30%
1 Bolton Wanderers Radhi Jaïdi
23%
1 1. FC Nuremberg Jawhar Mnari
18%
1 CO Transports Ali Kaabi
11%
1 Club Africain Néjib Ghommidh
10%
1 Genoa Raouf Bouzaiene
10%
1 CS Sfaxien Skander Souayah
8%
1 CS Sfaxien Mokhtar Dhouieb
3%
Aucun quiz correspondant
Distribution des résultats
% des personnes avec chaque résultat
Percentile par nombre de réponses
Votre historique - résultats
Vous n’avez pas pris ce quiz